000 00903cam a2200313 a 4500
001 59219
003 CO-BoRNBP
005 20250919194438.0
007 ta
008 000718s1994 sp r 00010dspa d
020 _a8447300463
040 _ala
_cla
041 0 _aspa
043 _ae-sp---
082 0 4 _a914.6464
_bC35v8
_219 ed.
084 _aN CEL
100 1 _aCela, Camilo José,
_d1916-2002.
_965043
245 1 0 _aViaje a la Alcarria /
_cCamilo José Cela.
250 _aPrimera edición
264 _aBarcelona, España
_bRBA editores
_c1993
300 _a220 p. ;
_c20 cm.
336 _2rdacontent
_atexto
_btxt
337 _2rdamedia
_asin mediación
_bn
338 _2rdacarrier
_avolumen
_bnc
650 7 _aLiteratura española
_x Crónicas de viajes.
_2BLAAUTO
_965044
651 7 _aAlcarria (España)
_x Descripciones y viajes.
_965045
942 _2ddc
_cBK
949 _an
_bn
999 _c59219
_d59219